Program komplexnej podpory malého a stredného podnikania v Slovenskej republike
Program komplexnej podpory malého a stredného podnikania v Slovenskej republike, ktorý vyhlasuje vláda SR v súlade so stratégiou oživenia hospodárstva SR, schválenou svojím uznesením č.862/1992 na rok 1993 a ďalšie roky. Obsah dokumentu: 1. Charakteristika programu, 2. Systém finančných nástrojov po...
Salvato in:
| Natura: | Capitolo di libro |
|---|---|
| Lingua: | slovacco |
| Soggetti: | |
| Tags: |
Nessun Tag, puoi essere il primo ad aggiungerne!!
|
MARC
| LEADER | 00000naa a2200000 4500 | ||
|---|---|---|---|
| 001 | r016372 | ||
| 005 | 20221213123110.0 | ||
| 041 | 0 | |a slo | |
| 044 | |a SK | ||
| 245 | 1 | 0 | |a Program komplexnej podpory malého a stredného podnikania v Slovenskej republike |
| 520 | |a Program komplexnej podpory malého a stredného podnikania v Slovenskej republike, ktorý vyhlasuje vláda SR v súlade so stratégiou oživenia hospodárstva SR, schválenou svojím uznesením č.862/1992 na rok 1993 a ďalšie roky. Obsah dokumentu: 1. Charakteristika programu, 2. Systém finančných nástrojov podpory, 3. Systém inštitucionálnej podpory malého a stredného podnikania, 4. Legislatívne nástroje podpory malého a stredného podnikania. | ||
| 610 | 2 | 0 | |a programy rozvojové |
| 610 | 2 | 0 | |a programy vládne |
| 610 | 2 | 0 | |a Slovensko |
| 610 | 2 | 0 | |a oživenie |
| 610 | 2 | 0 | |a podnikanie súkromné |
| 610 | 2 | 0 | |a podnik malý |
| 610 | 2 | 0 | |a podnik stredný |